000 00442nam a2200157 i 4500
001 34500
003 ES-MaACL
005 20230906154938.0
007 t|
008 030207s1919 fr ||||1| fre d
100 1 _aBlum, André.
_929580
245 1 0 _aMadame Vigée-Lebrum
_b: peintre des grandes dames du XVIII siecle /
_cAndré Blum.
260 _aParis :
_bFrazier Loye,
_c1919.
300 _a108 p. ;
_c25 cm.
852 _aES-MaACL
_jF-1636
999 _c34500
_d34500